000 00555nam a22002057a 4500
003 OSt
005 20140919141633.0
008 140919b xxu||||| |||| 00| 0 eng d
020 _a0632011343
040 _cDNLM
082 _aQS518 B461 1983
100 _aBeresford William.
_91261
245 _aLecture notes on Histology
_cWilliam A. Beresford
250 _a3rd ed.
260 _aLondon:
_bBlackwell Scientific Publications ;
_c1983
300 _avi,250 p. :
_bill;
_c26 cm.
504 _aIncludes index
650 _aHistology
_9194
942 _2z
_cSLOAN
999 _c473
_d473